[Event "Zuerich Chess Challenge"]
[Site "Zuerich"]
[Date "2013.02.25"]
[Round "3"]
[White "Caruana, Fabiano"]
[Black "Kramnik, Vladimir"]
[Result "1/2-1/2"]
[WhiteElo "2757"]
[BlackElo "2810"]
[Annotator "Caruana,F"]
[PlyCount "106"]
[EventDate "2013.02.23"]
[EventType "tourn"]
[EventRounds "6"]
[EventCountry "SUI"]
[EventCategory "21"]
[SourceTitle "CBM 153"]
[Source "ChessBase"]
[SourceDate "2013.03.14"]
[SourceVersion "1"]
[SourceVersionDate "2013.03.14"]
[SourceQuality "1"]

1. d4 Nf6 2. c4 e6 3. g3 c5 {An unusual opening choice for Kramnik. After he
played this move I understood we would have a big fight.} 4. d5 exd5 5. cxd5 d6
6. Nc3 g6 7. Bg2 Bg7 8. Nf3 O-O 9. O-O Re8 10. Bf4 a6 11. a4 h6 $5 {This
wasn't some elaborate preparation from Vladimir. He just wanted to take the
game into original channels, far away from opening theory. The move itself is
probably a bit dubious, but over the board it isn't so easy to refute.} 12. Re1
({It was probably more accurate to first play} 12. Qc1 {, which is similar to
the game, but gives White extra options. For example,} g5 13. Bd2 Bf5 14. h4 g4
15. Ne1 $1 {, and next White will play Nc2 and Ne3, with an advantage.}) 12...
Bf5 13. Qc1 ({After} 13. Nh4 Bc8 {, due to the threat of ...g5 White will
either have to acquiesce in a repetition (with Nf3 Bf5, etc) or retreat the
bishop from f4, which is a clear concession.} 14. Bd2 Nbd7 {, is totally fine
for Black.}) 13... g5 ({In case of} 13... Kh7 14. Nh4 Bc8 15. Qc2 $1 {was my
idea, preventing ...g5. Now after} Kg8 16. Nf3 Bf5 {White has the option of}
17. e4 $1) 14. Bd2 Nbd7 ({An interesting option was} 14... Ne4 $5 {, which is
what I was mainly concerned about during the game.} 15. Nxe4 Bxe4 16. h4 $1 {
was my intention, with the following possible variations:} Bxf3 (16... g4 17.
Nh2 Bxg2 18. Kxg2 h5 19. Nf1 {is better for White. After Ne3 the f5-square
will be very weak.}) 17. Bxf3 gxh4 18. Bxh6 hxg3 19. Kg2 $1 gxf2 20. Rh1 {
starts a strong attack against Black's king.}) 15. h4 {Forcing Black's
kingside pawns to advance. On the one hand, Black gains space and creates an
outpost on e5 for his knight, but the long-term kingside weakness will be more
important.} g4 16. Nh2 {Now the knight looks a bit clumsy; soon, however, it
will move to e3.} Kh7 ({Kramnik suggested} 16... h5 {as an improvement after
the game. I still think White has an advantage after} 17. Nf1 Ne5 18. Bg5 Qd7
19. Ne3 Bg6 20. a5 {, which is pretty similar to the game.}) 17. Nf1 Ne5 18.
Bf4 Bg6 19. Ne3 h5 20. a5 {Now White has a pleasant advantage. Black is
deprived of counterplay, but his position is very solid so it won't be easy
for White improve.} Qc7 21. Ra4 Kg8 22. Qd2 {It feels like I misplayed the
position a bit around here and allowed Black too much counterplay. However, it
isn't easy to find the correct plan for White. Normally White should prepare
b4, but it won't be easy because of the unstable knight on c3.} (22. Qa1 $5 {
may have been more accurate. White will continue with Rc1, Qa3 and then
consider playing b4 at the right moment.}) 22... Nfd7 23. Ra2 ({I could have
played the ambitious} 23. Be4 $5 b5 24. axb6 Nxb6 25. Bxg6 Nxg6 (25... Nxa4 26.
Bxh5 Nxc3 27. bxc3 {gives White an initiative.}) 26. Re4 {I wasn't sure about
this position over the board, but in the absence of Black's counterplay the
weakness of f5 will tell.}) 23... b5 ({It was also possible to just wait with} 
23... Nf6 {, but naturally Vladimir wanted to start his own counterplay.}) 24.
axb6 Qxb6 (24... Nxb6 25. b3 {, and next Be4 will be very unpleasant for Black.
}) 25. Be4 $2 {A very big mistake, which leads to a fascinating position!} ({
If I had just protected my pieces before starting action:} 25. Rea1 {, I
could've counted on a big advantage.}) 25... Bxe4 26. Nxe4 Ng6 {Now for the
sake of consistency I had no choice but to go for the following line:} 27. Nxd6
Nxf4 28. Nec4 Nh3+ 29. Kf1 (29. Kg2 {was much more accurate considering what
follows.}) 29... Qb8 30. Nxe8 Qxe8 {After some brief fireworks we've landed in
an extremely unusual position. In terms of material the game is relatively
balanced, but the unusual configuration of the pieces, especially the knight
on h3, makes the position extremely complex and hard to understand.} 31. Qc2
Ne5 32. Nd6 $6 {This move loses a few tempi. I didn't understand that the
knight will be weak rather than strong on f5!} (32. Ne3 {was a more accurate
move.}) 32... Qd7 33. Nf5 Bf8 {Black had a spectacular opportunity to take
over the initiative, but this misses it.} (33... c4 $5 {threatens ...Nd3 and
would have posed significant problems for me.} 34. Nxg7 ({The move I intended
to play,} 34. Qe4 {would be met by the stunning} Bf8 $3 35. Qxe5 Re8 36. Qf6
Qxd5 {and Black wins because of the threat of ...Qh1!}) 34... Kxg7 35. Qe4 f6 {
and as always it's very hard to assess this irrational position. Will the
knight on h3 turn out to be a weakness or an asset? For the moment it helps in
the attack against White's king, so Black can claim a certain advantage, but
the result of the game is totally unclear.}) 34. Ne3 $1 {Well I managed to get
my knight to e3 in three moves instead of just one! But not much harm was done,
and White is pretty much okay after this move.} (34. Rd1 $2 c4 {would really
become unpleasant. The threat of ...Nd3 is difficult to prevent.}) 34... c4 35.
Qf5 Qxf5 36. Nxf5 {The trade of queens lessens the danger to White's king.
Also the passed d-pawn may become an important force in the future.} Bb4 ({
More testing would have been} 36... Bc5 {, when White has to find the strong}
37. f4 $1 (37. Rea1 Nxf2 38. Rxa6 Rxa6 39. Rxa6 Ne4 {, and after the knight
has returned from limbo White will face an unpleasant defence.}) 37... gxf3 38.
exf3 Nxf3 39. Rea1 {White has very good chances to make a draw because of the
activity of his rooks and d-pawn.}) 37. Rd1 a5 {The position remains
complicated, but White is already out of danger.} 38. Raa1 ({In fact, I could
have already started active counterplay with} 38. d6) 38... f6 39. Rac1 $6 {
A pointless move.} ({If I play some logical moves the game will be balanced.
For example,} 39. d6 Kf7 40. Kg2 Rd8 41. f3 {, and perhaps Black should go for
the repetition with} Kg6 42. Ne7+ Kf7 43. Nf5) 39... Bc5 {Now I'm already
slightly worse again.} 40. Nd4 Kf7 41. Kg2 Rb8 42. Rc2 Rb4 43. d6 $1 {The
situation was becoming a bit too murky, so I decided to think a while and
calculate things till the end. So I made this concrete move which forces a
draw.} (43. Nc6 $6 Nxf2 44. Nxe5+ fxe5 45. Rf1 Ke7 46. Rxf2 Bxf2 47. Kxf2 Kd6
48. e4 a4 {is a variation I calculated. The ending is very unpleasant for
White due to the passivity of my rook.}) (43. f4 gxf3+ 44. exf3 (44. Kxh3 {
unfortunately runs into the nice tactical shot} Ng4 $1 {, threatening decisive
forks on e3 and f2.}) 44... Nd3 {looked very dangerous to me during the game,
but the ruthless computer says it's just equal after} 45. Nc6 Nhf2 46. Nxb4
Nxd1 47. Nxd3 Ne3+ 48. Kh3 cxd3 49. Rd2 Nxd5 50. Rxd3) 43... Rb6 ({The point
behind my last move is} 43... Bxd6 44. f4 $1 {and Black is losing material.})
44. Nf5 Bxf2 45. d7 Nxd7 46. Rxd7+ Ke6 47. Rh7 Kxf5 48. Rxh5+ Kg6 49. Rxa5 {
The last few moves have been totally forced. I calculated all this when I
played 43.d6 and decided it should be a draw.} Rb4 (49... c3 $1 {was the last
chance to cause White some problems.} 50. Ra2 $1 (50. Rxc3 Be1 51. Ra4 Bxc3 52.
Rxg4+ Kf5 53. Kxh3 Rxb2 54. Rf4+ Ke6 {and White just has to trade off Black's
last pawn to make a draw, but it's not so easy!}) 50... Re6 51. e4 Rxe4 52.
bxc3 {and Black doesn't seem to have many winning chances left.}) 50. Ra6 Bd4
51. Rc6 Bxb2 52. R6xc4 Rxc4 53. Rxc4 Kh5 {Neither side can make progress. A
fascinating struggle! This game inspired me for the remainder of the
tournament, where I managed a strong 2.5/3 and took clear first.} 1/2-1/2

[Event "Montreal International"]
[Site "Montreal"]
[Date "1979.04.14"]
[Round "4"]
[White "Huebner, Robert"]
[Black "Tal, Mihail"]
[Result "1/2-1/2"]
[WhiteElo "2595"]
[BlackElo "2615"]
[Annotator "ChessBase"]
[PlyCount "32"]
[EventDate "1979.04.11"]
[EventType "tourn"]
[EventRounds "18"]
[EventCountry "CAN"]
[EventCategory "15"]
[SourceTitle "MCL"]
[Source "ChessBase"]
[SourceDate "1999.07.01"]
[SourceVersion "1"]
[SourceVersionDate "1999.07.01"]
[SourceQuality "1"]

1. d4 Nf6 2. c4 e6 3. g3 c5 4. d5 exd5 5. cxd5 d6 6. Nc3 g6 7. Nf3 Bg7 8. Bg2
O-O 9. O-O Re8 10. h3 (10. Nd2 {main line} a6 11. a4 Nbd7 12. h3 Rb8 13. Nc4
Ne5 14. Na3 $13) (10. Bf4 a6 11. a4 Ne4 12. Nxe4 Rxe4 13. Nd2 Rb4 14. Ne4 h6
15. Bd2 Rxb2 16. Qc1 Rxd2 17. Qxd2 f5 $15 {Savon-Tal/URS/1970/}) 10... a6 11.
a4 Ne4 12. Ra3 (12. Nxe4 Rxe4 13. Nd2 Rb4 $5) 12... Nd7 13. Nxe4 Rxe4 14. Nd2
Re8 15. Nc4 Ne5 16. Ne3 Nd7 1/2-1/2

[Event "URS-ch46 Final"]
[Site "Tbilisi"]
[Date "1978.12.??"]
[Round "4"]
[White "Razuvaev, Yuri S"]
[Black "Timoscenko, Gennadij A"]
[Result "1/2-1/2"]
[WhiteElo "2460"]
[BlackElo "2530"]
[Annotator "ChessBase"]
[PlyCount "44"]
[EventDate "1978.12.01"]
[EventType "tourn"]
[EventRounds "17"]
[EventCountry "URS"]
[EventCategory "12"]
[SourceTitle "URS-ch"]
[Source "ChessBase"]
[SourceDate "1999.07.01"]
[SourceVersion "1"]
[SourceVersionDate "1999.07.01"]
[SourceQuality "1"]

1. d4 Nf6 2. c4 c5 3. d5 d6 4. Nc3 g6 5. Nf3 Bg7 6. g3 O-O 7. Bg2 Na6 8. O-O
Nc7 9. a4 e6 10. h3 exd5 11. cxd5 Re8 12. Re1 a6 13. e4 Nd7 14. Bf4 Ne5 15.
Bxe5 (15. Nxe5 $5) 15... dxe5 16. Qb3 (16. Nd2 $5) 16... Bf8 17. Nd2 b5 18.
axb5 Nxb5 19. Ne2 Nd6 20. Nc3 Nb5 21. Ne2 Nd6 22. Nc3 Nb5 1/2-1/2

[Event "Beersheba"]
[Site "Beersheba"]
[Date "1976.??.??"]
[Round "7"]
[White "Bleiman, Yaacov"]
[Black "Tatai, Stefano"]
[Result "1-0"]
[WhiteElo "2440"]
[BlackElo "2465"]
[Annotator "ChessBase"]
[PlyCount "97"]
[EventDate "1976.03.??"]
[EventType "tourn"]
[EventRounds "11"]
[EventCountry "ISR"]
[EventCategory "8"]
[SourceTitle "MCL"]
[Source "ChessBase"]
[SourceDate "1999.07.01"]
[SourceVersion "1"]
[SourceVersionDate "1999.07.01"]
[SourceQuality "1"]

1. d4 Nf6 2. c4 c5 3. d5 e6 4. Nc3 exd5 5. cxd5 d6 6. g3 g6 7. Bg2 Bg7 8. Nf3
O-O 9. O-O Qe7 10. Nd2 b6 11. Nc4 Ba6 12. Qb3 Bxc4 13. Qxc4 a6 14. Qh4 Qc7 15.
Bg5 Nbd7 16. e4 Ne8 17. Be7 Bf6 18. Bxf6 Nexf6 19. e5 dxe5 20. d6 Qxd6 21. Rad1
Qe6 22. Bh3 Qc6 23. Bg2 Qe6 24. Bxa8 Rxa8 25. Ne4 Nxe4 26. Qxe4 Ra7 27. b3 Nf6
28. Rd8+ Kg7 29. Qd3 b5 30. Rc1 Nd7 31. Rd1 Nf6 32. Qd6 Qxd6 33. R8xd6 a5 34.
Rc6 Ne4 35. f3 Nc3 36. Rd2 e4 37. Rc2 b4 38. Rxc5 exf3 $18 (38... e3 $1 $16 {
[? CP 13/166]}) 39. Rc4 Re7 40. Kf2 Nd1+ 41. Kxf3 Re3+ 42. Kf4 h6 43. h4 g5+
44. hxg5 hxg5+ 45. Kxg5 Rxg3+ 46. Kf4 Rg6 47. Rc6 Rg1 48. Rc1 Rf1+ 49. Kg3 1-0

[Event "Khanty-Mansiysk FIDE GP (Women)"]
[Site "Khanty-Mansiysk"]
[Date "2014.04.12"]
[Round "4"]
[White "Lagno, Kateryna"]
[Black "Hou, Yifan"]
[Result "1/2-1/2"]
[WhiteElo "2543"]
[BlackElo "2618"]
[Annotator "ChessBase Website"]
[PlyCount "48"]
[EventDate "2014.04.09"]
[EventType "tourn"]
[EventRounds "11"]
[EventCountry "RUS"]
[EventCategory "10"]
[SourceTitle "CBM 160"]
[Source "ChessBase"]
[SourceDate "2014.05.15"]
[SourceVersion "1"]
[SourceVersionDate "2014.05.15"]
[SourceQuality "1"]
[TimeControl "40/5400+30:1800+30"]
[WhiteClock "1:30:00"]
[BlackClock "1:30:00"]

1. d4 {[%emt 0:00:00]} Nf6 {[%emt 0:00:00]} 2. c4 {[%emt 0:00:01]} e6 {[%emt 0:
00:00]} 3. g3 {[%emt 0:00:11]} c5 {[%emt 0:01:31]} 4. d5 {[%emt 0:00:36]
Lagno's attempt to enter the Catalan turned into a Fianchetto Benoni, and not
one that favored White at all. Hou Yifan quickly sacrificed an exchange for
excellent compensation, and she might even have had the better practical
chances. However she protected her lead and repeated moves, leaving her half a
point ahead of Muzychuk.} exd5 {[%emt 0:00:06]} 5. cxd5 {[%emt 0:00:05]} d6 {
[%emt 0:00:04]} 6. Nc3 {[%emt 0:00:34]} g6 {[%emt 0:00:08]} 7. Bg2 {[%emt 0:00:
12]} Bg7 {[%emt 0:00:08]} 8. Nf3 {[%emt 0:00:11]} O-O {[%emt 0:00:06]} 9. O-O {
[%emt 0:00:03]} Re8 {[%emt 0:00:05]} 10. Bf4 {[%emt 0:00:25]} Ne4 {[%emt 0:10:
20]} 11. Nxe4 {[%emt 0:01:48]} Rxe4 {[%emt 0:00:05]} 12. Nd2 {[%emt 0:00:33]}
Rxf4 {[%emt 0:00:28]} 13. gxf4 {[%emt 0:00:12]} Bxb2 {[%emt 0:00:05]} 14. Rb1 {
[%emt 0:00:31]} Bg7 {[%emt 0:00:05]} 15. e4 {[%emt 0:00:59]} Na6 {[%emt 0:04:
28]} (15... Nd7 16. Qf3 b5 17. Rfe1 Ba6 18. Qa3 Bc8 19. Rxb5 Bh6 20. Qg3 Ba6
21. Rb3 Qf6 22. e5 Qxf4 23. Ne4 Nxe5 24. Ra3 Bb5 25. Nxd6 Bd3 26. Qxf4 Bxf4 27.
Nb7 c4 28. d6 Rc8 29. Rxe5 Bxe5 30. d7 Rb8 31. Rxd3 cxd3 32. d8=Q+ Rxd8 33.
Nxd8 d2 34. Bf3 Bd4 35. Nc6 Bc5 36. Kf1 Kg7 37. Na5 Kf6 38. Nb3 Bd6 39. h3 Ke5
40. Ke2 Bb4 41. Nxd2 Kd4 42. Bc6 Ke5 43. Nf3+ Kf4 44. Bd5 f5 45. Bg8 {Eljanov,
P (2723)-Sjugirov,S (2653) Yerevan 2014 1-0}) 16. Nc4 {[%emt 0:29:32]} Rb8 {
[%emt 0:02:38]} 17. a4 {[%emt 0:09:45]} Nb4 {[%emt 0:12:15]} 18. Qf3 $146 {
[%emt 0:08:13]} (18. Re1 b6 19. e5 dxe5 20. Nxe5 Bf5 21. Rxb4 Bxe5 22. fxe5
cxb4 23. Qd4 a5 24. Qe3 Rc8 25. e6 fxe6 26. dxe6 Qd6 27. e7 Re8 28. h4 Kg7 29.
Bf3 h5 30. Kg2 Bc2 31. Qg5 b3 32. Qe3 Qf6 33. Qe2 Qxh4 34. Bc6 Rxe7 35. Qxe7+
Qxe7 36. Rxe7+ Kf6 37. Rb7 b2 38. Rxb6 b1=Q 39. Rxb1 Bxb1 40. f4 Bf5 41. Kg3 g5
42. fxg5+ Kxg5 43. Kf3 h4 44. Bb5 Be6 45. Bc6 Bc8 46. Bb5 Bb7+ 47. Kf2 Kf4 {
Cori Tello,J (2487)-Lupulescu,C (2614) Istanbul 2012 0-1}) 18... b6 {[%emt 0:
20:54]} 19. Rbc1 {[%emt 0:15:44]} Ba6 {[%emt 0:04:13]} 20. Rfe1 {[%emt 0:01:16]
} Na2 {[%emt 0:13:24]} 21. Rc2 {[%emt 0:00:06]} Nb4 {[%emt 0:00:22]} 22. Rcc1 {
[%emt 0:00:04]} Na2 {[%emt 0:02:04]} 23. Rc2 {[%emt 0:00:06]} Nb4 {[%emt 0:00:
05]} 24. Rcc1 {[%emt 0:00:23]} Na2 {[%emt 0:00:10]} 1/2-1/2

[Event "Boeblinger op 35th"]
[Site "Boeblingen"]
[Date "2018.12.29"]
[Round "6"]
[White "Ma, Qun"]
[Black "Dann, Matthias"]
[Result "1-0"]
[WhiteElo "2610"]
[BlackElo "2539"]
[Annotator "Dann,M"]
[PlyCount "93"]
[EventDate "2018.12.26"]
[EventType "swiss"]
[EventRounds "9"]
[EventCountry "GER"]
[SourceTitle "EXT 2020"]
[Source "ChessBase"]
[SourceDate "2019.10.17"]
[SourceVersion "1"]
[SourceVersionDate "2019.10.17"]
[SourceQuality "1"]

{[%evp 0,93,21,21,35,-3,4,-24,14,-7,24,20,40,37,84,67,55,25,25,12,10,31,10,10,
10,27,56,47,51,45,46,28,50,34,13,13,22,20,30,61,64,75,74,63,69,72,77,65,75,47,
75,66,86,60,81,31,42,26,81,105,110,77,91,109,126,138,168,153,140,188,188,188,
188,160,270,197,249,243,276,200,283,217,235,241,213,207,200,188,220,190,253,
213,204,244,251,246]} 1. d4 Nf6 2. c4 e6 3. g3 c5 4. d5 {is principled.} (4.
Nf3 cxd4 5. Nxd4 {leads to another opening line.}) 4... exd5 5. cxd5 d6 6. Nc3
g6 7. Nf3 Bg7 8. Bg2 O-O 9. O-O {This Benoni line is considered to be
completely fine for black.} Re8 {[%csl Gg7][%cal Gf6e4,Yg7a1] Rooks belong to
semiopen files. The knight f6 blocks the bishop g7, so one of the ideas behind
...Re8 is ...Ne4 opening the view of the bishop.} 10. Re1 (10. Bf4 Ne4 $1 11.
Nxe4 (11. Rc1 Nxc3 12. bxc3 b5 $1 $11 {1-0 (24) Kozul,Z (2616)-Dann,M (2488)
Neustadt an der Weinstrasse 2017}) 11... Rxe4 12. Nd2 Rxf4 $5 13. gxf4 Bxb2 14.
Rb1 Bg7 $44 {Black has a pawn and the bishop pair for the sacrificed exchange.}
15. e4 Nd7 {0-1 (58) Oberhofer,C (2229)-Dann,M (2506) Tegernsee 2017} (15... b6
{1-0 (52) Bogner,S (2539)-Dann,M (2481) Pfalz Open 2016 2016})) (10. Nd2 {
is the main move.}) 10... Ne4 $6 {is a small mistake.} ({Black gets a fine
position after} 10... a6 11. a4 Nbd7 $1 12. e4 (12. Bf4 Nh5 $1 13. Bxd6 (13.
Bg5) 13... Qb6 $132) 12... Ng4 $1 {and for example: 0-1 (34) Troff,K (2532)
-Nakamura,H (2798) Saint Louis 2015 CBM 166 [Gormally,D]}) 11. Nxe4 $1 Rxe4 12.
Qc2 $1 Re8 (12... Bf5 {was planned, but white has many good options:} 13. Ng5
$14 (13. Bh3 {1-0 (55) Xiong,J (2667)-Jones,G (2665) Wijk aan Zee 2017 CBM 177
[Ramirez Alvarez,Alejandro]}) 13... Re8 (13... Re3 $5 14. Ne4 Ra3 {looks crazy.
}) 14. e4 Bd7 $14) 13. Bf4 $146 (13. e4 {1-0 (41) Grischuk,A (2767)-Svidler,P 
(2760) Moscow 2018}) 13... Qe7 (13... b5 {is logical, but after} 14. e4 $14 {
[%csl Ra8][%cal Ge4e5,Yg2a8] white is threatening e5 and in some variations
the Ra8 will fall.}) 14. e4 Nd7 15. a4 Rb8 {White has a slight edge but he
needs a plan. A standard plan is Rb1 next b4, but this doesn't seem to be
efficient here. White choses} 16. Bd2 $5 {[%cal Gf2f4,Ge4e5,Gd2c3] with the
idea of Bc3 and exchanging the bishops.} b6 (16... Ne5 17. Nxe5 Bxe5 18. Bc3 (
18. f4 Bd4+ 19. Kh1 b6 20. Bc3 Qf6 21. Qd3 $36) 18... Qf6 19. Bxe5 Qxe5 20. Qd2
Bd7 21. f4 Qg7 22. Qc3 $14 {White has a stable structural advantage.}) 17. Bc3
Bxc3 (17... g5 $5 18. Bxg7 Kxg7 19. Qc3+ Kg8 {transposition to 18...g5}) 18.
Qxc3 {This is the critical position. 10...Ne4 was inaccurate, but you don't
lose a game because of such a move. But after the next black move the position
is really bad! White wants to play Nd2 and f4, after which he will have a big
advantage.} f6 $2 (18... g5 $1 {[%csl Ge5][%cal Gd7e5] is the adequate
strategy in benoni style. Black will stop the pawn formation f4, e4 at any
cost and save the outpost e5 for his knight!} 19. h3 (19. Qd2 g4 20. Nh4 Ne5
$132) (19. Nd2 g4 20. h3 h5 21. f4 gxf3 22. Qxf3 {transposition}) (19. e5 {
is interesting, but not more:} dxe5 20. Qd2 f6 21. d6 Qf8 $13) 19... h5 $1 (
19... Ne5 $6 20. Nxe5 (20. Nd2 Qf6 21. Rf1 Ba6 22. f4 gxf4 23. gxf4 Nd7 24. Rf3
$14) 20... Qxe5 21. Qxe5 Rxe5 22. f4 gxf4 23. gxf4 Re7 24. Kf2 $14 {This is a
very unpleasant position for black.}) 20. Nd2 g4 21. f4 gxf3 22. Qxf3 (22. Bxf3
Qg5 $132) (22. Nxf3 Qf6 23. Qxf6 Nxf6 $11) 22... Qg5 23. Qf4 Qg6 24. Nf3 Ne5
25. Nh4 Qg7 $14 {White stands better in this position because of the weak
black king and the pawn h5, buth nevertheless black should have played this
line!}) (18... Ba6 {is the engine recommondation.} 19. Rad1 $5 (19. Nd2 Rbd8
20. f4 Qf6 21. Re3 $36) 19... Rbd8 20. b4 cxb4 21. Qxb4 Nc5 22. Nd4 Nd3 23.
Rxd3 Bxd3 24. Nc6 Qd7 25. Qa3 Ba6 26. Nxd8 Rxd8 $14) 19. Nd2 $16 Ne5 20. f4 Nf7
21. Nc4 Bd7 22. Ne3 $5 {This move stops any tricks with ...f5 or ...g5.} a6 23.
Bf3 Kg7 24. Kf2 Rb7 25. b3 Reb8 26. h4 $1 {[%cal Ge1h1,Gh1h2,Ga1h1] White uses
his space advantage on the king side.} b5 27. a5 {27.a5 is not the engine
choice, but human. White wants to kill the black king slowly without allowing
counterplay on the queenside.} (27. axb5 $5 Rxb5 (27... axb5 28. b4 $16) 28.
Reb1 $16) 27... b4 $6 (27... h5 $1 {is more resilient.} 28. Rg1 (28. g4 hxg4
29. Nxg4 Rh8 $15) 28... Nh6 $1 29. Rae1 Ng4+ 30. Kg2 (30. Nxg4 hxg4 31. Bd1 b4
$13) 30... Re8 {White has still a small advantage, but black is not without
chances.}) 28. Qb2 Rf8 29. h5 Rbb8 30. Rh1 Rbe8 31. Rae1 g5 $2 {The decisive
mistake.} (31... Qd8 32. Kg2 (32. g4 $2 g5 $17) 32... g5 33. h6+ Kh8 34. Ng4
Bxg4 35. Bxg4 Rg8 36. Be6 Ref8 37. Kf2 $16) 32. h6+ Nxh6 33. fxg5 Ng8 (33...
Nf7 34. gxf6+ Qxf6 35. Rxh7+ Kg6 36. Qxf6+ Kxf6 37. Reh1 $18 (37. Nc4 $18)) 34.
Nf5+ Bxf5 35. exf5 Qa7 36. Kg2 $1 (36. Re6 $6 c4+ 37. Kg2 c3 {is lost, but
black has now some tricks.}) 36... Re5 37. Rxe5 dxe5 38. gxf6+ Kxf6 $18 {
Black avoided material losses for now, but white has every other trump in the
position.} 39. d6 Qd7 40. Qd2 Kg7 41. g4 Kh8 42. Qd5 Re8 43. Qc6 $1 {White is
searching for the clean solution. Here it is!} Nf6 (43... Rd8 44. Qxd7 Rxd7 45.
Rd1 Nf6 46. Bc6 Rd8 47. Kf3 $18) 44. Qxd7 Nxd7 45. Bc6 Rd8 46. Bxd7 Rxd7 47.
Rd1 {[%csl Rc5,Rd7,Re5][%cal Gg2f3,Gf3e4,Ge4d5,Gd5c6] Black resigned. White
will play Kf3, Ke4 and maybe Kd5, Kc6. There is no defence.} ({e.g.} 47. Rd1
Kg7 48. Kf3 Kf6 49. Ke4 h6 50. Kd5 Rd8 51. Kxc5 $18 (51. Kc6 $18)) 1-0